| 000 | 00533nam a22001217a 4500 | ||
|---|---|---|---|
| 082 |
_a388.049 _bNAT |
||
| 100 |
_aNational Research Council _926742 |
||
| 245 |
_aPricing, Economic Development Cost Analysis, Transportation Impacts, and Transportation Management Processes _bPricing, Economic Development Cost Analysis, Transportation Impacts, and Transportation Management Processes |
||
| 260 |
_aUSA _b The world bank washington, D.C _c1994 |
||
| 300 |
_a86p, ; _bill, ; |
||
| 526 |
_a0 _b0 _c0 _d388_049000000000000_NAT |
||
| 942 |
_2ddc _cBK |
||
| 999 |
_c543209 _d543209 |
||